| 000 | 00850nam a2200265 cc4500 | ||
|---|---|---|---|
| 001 | 000030550 | ||
| 003 | RuMoIPM | ||
| 005 | 20260513122423.0 | ||
| 008 | 230210s1974 ru ||||||| |||| ||rus d | ||
| 035 | _a(RuMoBEN) 002099348 | ||
| 035 | _a(ELAR retro) [2022] 000107339 | ||
| 035 | _a(ELAR retro) [2022] 000025697 | ||
| 040 |
_aRuMoBEN _brus _ercr |
||
| 041 | 0 | _arus | |
| 044 | _aru | ||
| 080 | _a510(075.8) | ||
| 080 | _a51(07) | ||
| 245 | 1 | 0 |
_aТ. 3, ч. 1 _cВ. И. Смирнов |
| 250 | _a10-е изд., стер. | ||
| 260 |
_aМосква _bНаука _c1974 |
||
| 300 |
_a323 с. _bчерт. |
||
| 555 | _aАлф. указ.: с. 321-323 | ||
| 773 |
_aСмирнов, Владимир Иванович _tКурс высшей математики: [Учебная литература для вузов] _w000018741 |
||
| 942 | _cBK | ||
| 999 |
_c30550 _d30550 |
||